[Event "Madrid-chT 1516"]
[Site "Madrid"]
[Date "2016.03.13"]
[Round "14.15"]
[White "Pablos Tenrero, Raquel"]
[Black "Ambrona Castellanos, Miguel"]
[Result "0-1"]
[WhiteElo "2077"]
[BlackElo "2055"]
[PlyCount "76"]
[EventDate "2015.11.22"]
[EventType "team-tourn"]
[EventRounds "14"]
[EventCountry "ESP"]
[SourceTitle "EXT 2018"]
[Source "ChessBase"]
[SourceDate "2017.10.13"]
[SourceVersion "1"]
[SourceVersionDate "2017.10.13"]
[SourceQuality "1"]
[WhiteTeam "Liberty Chess"]
[BlackTeam "Vallecas CDV"]
[WhiteTeamCountry "ESP"]
[BlackTeamCountry "ESP"]

1. e4 c5 2. Nf3 d6 3. d4 cxd4 4. Nxd4 Nf6 5. Nc3 a6 6. h3 e5 7. Nde2 h5 8. g3 Be6 9. Bg2 Be7 10. Bg5 Nbd7 11. 0-0 0-0 12. Kh2 Rc8 13. Qd2 b5 14. a3 Qc7 15. Rad1 Rfd8 16. f4 Nf8 17. Qe3 N8h7 18. Bf3 Bc4 19. Kg2 a5 20. Rfe1 b4 21. axb4 axb4 22. Na4 Bb5 23. Nb6 Rb8 24. Nd5 Nxd5 25. Rxd5 Nxg5 26. fxg5 g6 27. Qd2 Bc4 28. Ng1 Rdc8 29. Bd1 Bxd5 30. exd5 Qc5 31. Rf1 Rb5 32. Nf3 Qxd5 33. Qxd5 Rxd5 34. c3 bxc3 35. Bb3 Rb5 36. Bxf7+ Kg7 37. Be6 Rxb2+ 38. Kg1 Rf8 0-1

[Event "Madrid-chT 1516"]
[Site "Madrid"]
[Date "2016.01.23"]
[Round "7.15"]
[White "Ambrona Castellanos, Miguel"]
[Black "Martin Rueda, Daniel"]
[Result "0-1"]
[WhiteElo "2055"]
[BlackElo "2291"]
[PlyCount "114"]
[EventDate "2015.11.22"]
[EventType "team-tourn"]
[EventRounds "14"]
[EventCountry "ESP"]
[SourceTitle "EXT 2017"]
[Source "ChessBase"]
[SourceDate "2016.10.25"]
[SourceVersion "1"]
[SourceVersionDate "2016.10.25"]
[SourceQuality "1"]
[WhiteTeam "Vallecas CDV"]
[BlackTeam "Liberty Chess"]
[WhiteTeamCountry "ESP"]
[BlackTeamCountry "ESP"]

1. e4 c5 2. Nf3 e6 3. d4 cxd4 4. Nxd4 a6 5. Bd3 Bc5 6. Nb3 Be7 7. 0-0 d6 8. Be3 Nf6 9. Nc3 b5 10. e5 dxe5 11. Qf3 Nd5 12. Be4 Bb7 13. Rad1 0-0 14. Nxd5 exd5 15. Bxd5 Bxd5 16. Rxd5 Qc7 17. Bc5 Nc6 18. Rfd1 Rad8 19. c3 h6 20. h3 Rfe8 21. Rxd8 Bxd8 22. Rd6 Nb8 23. Qd1 Qc8 24. Rd5 Bg5 25. Be3 Bxe3 26. fxe3 Nc6 27. Nd2 e4 28. Nb3 Ne5 29. Qd4 Nc4 30. Nd2 Nxb2 31. Nxe4 Qe6 32. Nc5 Qg6 33. e4 Nc4 34. Rd8 Rxd8 35. Qxd8+ Kh7 36. Qd4 Qg5 37. Nd3 Ne3 38. Ne1 Qg3 39. Qd2 Nc4 40. Qf2 Qg6 41. Qf5 Nd6 42. Qxg6+ Kxg6 43. Nd3 Nxe4 44. c4 Kf5 45. cxb5 axb5 46. g4+ Ke6 47. Kg2 Nc3 48. Nc1 Ke5 49. Kf3 Kd4 50. Kf4 Nd5+ 51. Kf3 Nc3 52. Kf4 Nd5+ 53. Kf3 Nc3 54. Kf4 b4 55. h4 Nxa2 56. Nxa2 b3 57. Nc1 b2 0-1

[Event "Madrid-chT 1516"]
[Site "Madrid"]
[Date "2015.12.13"]
[Round "3.16"]
[White "De la Orden Alcocer, Alejandro"]
[Black "Ambrona Castellanos, Miguel"]
[Result "0-1"]
[WhiteElo "2024"]
[BlackElo "2055"]
[PlyCount "122"]
[EventDate "2015.11.22"]
[EventType "team-tourn"]
[EventRounds "14"]
[EventCountry "ESP"]
[SourceTitle "EXT 2017"]
[Source "ChessBase"]
[SourceDate "2016.10.25"]
[SourceVersion "1"]
[SourceVersionDate "2016.10.25"]
[SourceQuality "1"]
[WhiteTeam "San Fernando de Henares"]
[BlackTeam "Vallecas CDV"]
[WhiteTeamCountry "ESP"]
[BlackTeamCountry "ESP"]

1. Nf3 Nf6 2. c4 g6 3. g3 Bg7 4. Bg2 0-0 5. Nc3 c6 6. 0-0 d5 7. cxd5 Nxd5 8. Qb3 Nb6 9. d3 Be6 10. Qb4 Na6 11. Qh4 f6 12. Bh6 Nc7 13. Bxg7 Kxg7 14. Rac1 Ncd5 15. Ne4 h6 16. Nc5 Bc8 17. Nd4 Nc7 18. Ndb3 Nd7 19. Nxd7 Qxd7 20. Nc5 Qd6 21. Rc2 Ne6 22. Nb3 Rd8 23. Rfc1 Nd4 24. Nxd4 Qxd4 25. Qxd4 Rxd4 26. Rc4 Rxc4 27. Rxc4 Bd7 28. d4 Rc8 29. a3 Kf7 30. e3 Ke6 31. Bh3+ Kd6 32. Bg2 b6 33. e4 Be6 34. Rc3 c5 35. d5 Bd7 36. f4 e6 37. dxe6 Bxe6 38. Kf2 c4 39. Ke3 Kc5 40. Bf3 a5 41. h4 b5 42. g4 Rd8 43. g5 hxg5 44. hxg5 b4 45. axb4+ axb4 46. Rc1 Rd3+ 47. Ke2 fxg5 48. fxg5 Kd4 49. Ra1 Re3+ 50. Kf2 Rb3 51. Rd1+ Rd3 52. Be2 Rxd1 53. Bxd1 Kd3 54. Ke1 c3 55. bxc3 bxc3 56. Kf2 c2 57. Bxc2+ Kxc2 58. Ke3 Kc3 59. Kf4 Kd4 60. Kf3 Ke5 61. Ke3 Bg4 0-1

[Event "Moratalaz op 24th"]
[Site "Madrid"]
[Date "2011.09.18"]
[Round "4"]
[White "Rivas Vila, David"]
[Black "Ambrona Castellanos, Miguel"]
[Result "0-1"]
[WhiteElo "2237"]
[BlackElo "1994"]
[PlyCount "38"]
[EventDate "2011.09.15"]
[EventType "swiss"]
[EventRounds "9"]
[EventCountry "ESP"]
[SourceTitle "CBM 144 Extra"]
[Source "ChessBase"]
[SourceDate "2011.10.28"]
[SourceVersion "1"]
[SourceVersionDate "2011.10.28"]
[SourceQuality "1"]

1. e4 c5 2. Nc3 Nc6 3. Nge2 d6 4. d4 cxd4 5. Nxd4 e5 6. Ndb5 Nf6 7. Bg5 a6 8. Na3 b5 9. Bxf6 gxf6 10. Nd5 f5 11. Bd3 Be6 12. 0-0 Rc8 13. Qh5 f4 14. Rad1 Rg8 15. Be2 Nd4 16. Rxd4 exd4 17. Nxf4 Qg5 18. Qf3 Bh6 19. g3 Qxf4 0-1